| 000 | 00457cam a2200145 4500500 | ||
|---|---|---|---|
| 005 | 20260111102010.0 | ||
| 041 | _afre | ||
| 042 | _adc | ||
| 100 | 1 | 0 |
_aGomez, Jean-François _eauthor |
| 245 | 0 | 0 | _aARTICLE RETIRÉ : « Le courage de comprendre... » |
| 260 | _c2005. | ||
| 500 | _a67 | ||
| 786 | 0 | _nEmpan | 57 | 1 | 2005-03-01 | p. 105-113 | 1152-3336 | |
| 856 | 4 | 1 | _uhttps://shs.cairn.info/revue-empan-2005-1-page-105?lang=fr&redirect-ssocas=7080 |
| 999 |
_c1629755 _d1629755 |
||